| 000 | 00611nam a2200229Ia 4500 | ||
|---|---|---|---|
| 003 | OSt | ||
| 005 | 20221005120851.0 | ||
| 006 | a|||||r|||| 00| 0 | ||
| 007 | ta | ||
| 008 | 221004b |||||||| |||| 00| 0 eng d | ||
| 024 | _a42902 | ||
| 037 | _cTextual | ||
| 040 |
_aCRL _cCRL _beng |
||
| 041 |
_2eng _aeng |
||
| 082 | _aO13:2C55x, 111J5 | ||
| 100 | _aAristophanes | ||
| 245 | 0 | _aFive comedies tr by Benjamin Bickley Rogers ed by Andrew Chiappe | |
| 260 | _c1955 | ||
| 650 | _aENGLISH LITERATURE | ||
| 942 |
_hO13:2C55x, 111J5 _cTEXL _2cc |
||
| 999 |
_c1039353 _d1039353 |
||